Closed Circuits Television Handbook/ (Record no. 183404)

000 -LEADER
fixed length control field 00810 a2200181 4500
003 - CONTROL NUMBER IDENTIFIER
control field Nust
005 - DATE AND TIME OF LATEST TRANSACTION
control field 20250926175647.0
040 ## - CATALOGING SOURCE
Transcribing agency Nust
082 ## - DEWEY DECIMAL CLASSIFICATION NUMBER
Classification number 621.38863,WOR
100 ## - MAIN ENTRY--PERSONAL NAME
Personal name Wortman Leon A
9 (RLIN) 78255
245 ## - TITLE STATEMENT
Title Closed Circuits Television Handbook/
Statement of responsibility, etc. Leon A. Wortman
260 ## - PUBLICATION, DISTRIBUTION, ETC.
Place of publication, distribution, etc. New York
Name of publisher, distributor, etc. Howard W.Sams
Date of publication, distribution, etc. 1964
300 ## - PHYSICAL DESCRIPTION
Extent 286p
505 ## - FORMATTED CONTENTS NOTE
Formatted contents note What Closed Circuit (Page-9),Cameras (Page-22),Monitors (Page-44),Expanding The Sys (Page-59),Video Recording Tech (Page-91),Closed-Circuit Television (Page-107),Closed Circuit Television In Commerce (Page-132),Closed Circuit Television In Research (Page-168),Lenses, Lighting And Wiring (Page-193),Microwave Replays (Page-213),Circuit And Services (Page-224).
600 ## - SUBJECT ADDED ENTRY--PERSONAL NAME
Personal name Leon A Wortman
9 (RLIN) 130741
650 ## - SUBJECT ADDED ENTRY--TOPICAL TERM
Topical term or geographic name entry element Closed Circuits
9 (RLIN) 106294
942 ## - ADDED ENTRY ELEMENTS (KOHA)
Source of classification or shelving scheme
Koha item type Book
Holdings
Withdrawn status Lost status Source of classification or shelving scheme Damaged status Not for loan Permanent Location Current Location Shelving location Date acquired Full call number Barcode Date last seen Price effective from Koha item type Public note
          Military College of Signals (MCS) Military College of Signals (MCS) General Stacks 12/12/2016 621.38863,WOR MCS6873 12/08/2016 12/12/2016 Book Almirah No.84, Shelf No.4
© 2023 Central Library, National University of Sciences and Technology. All Rights Reserved.